| 000 -LEADER |
| fixed length control field |
01696nam a22002177a 4500 |
| 003 - CONTROL NUMBER IDENTIFIER |
| control field |
OSt |
| 005 - DATE AND TIME OF LATEST TRANSACTION |
| control field |
20231208095729.0 |
| 008 - FIXED-LENGTH DATA ELEMENTS--GENERAL INFORMATION |
| fixed length control field |
230823b ||||| |||| 00| 0 eng d |
| 020 ## - INTERNATIONAL STANDARD BOOK NUMBER |
| International Standard Book Number |
9780192747105 |
| 040 ## - CATALOGING SOURCE |
| Transcribing agency |
KH8 |
| 082 ## - DEWEY DECIMAL CLASSIFICATION NUMBER |
| Classification number |
423 AUT |
| 100 ## - MAIN ENTRY--PERSONAL NAME |
| Personal name |
Autores, Varios, |
| Relator term |
author. |
| 245 ## - TITLE STATEMENT |
| Title |
Oxford School Dictionary / |
| Statement of responsibility, etc. |
Varios Autores |
| 260 ## - PUBLICATION, DISTRIBUTION, ETC. |
| Place of publication, distribution, etc. |
Oxford; |
| Name of publisher, distributor, etc. |
Oxford University Press, |
| Date of publication, distribution, etc. |
2016. |
| 300 ## - PHYSICAL DESCRIPTION |
| Dimensions |
4.49 x 1.5 x 6.1 inches. |
| 440 ## - SERIES STATEMENT/ADDED ENTRY--TITLE |
| Title |
Oxford Dictionaries |
| 520 ## - SUMMARY, ETC. |
| Summary, etc. |
A major new edition of the trusted, bestselling, comprehensive Oxford School Dictionary with new curriculum support. This fantastic new edition will boost your children's vocabulary with new words and meanings from across the curriculum. A helpful new spelling, grammar and punctuation section is included to enhance language skills and bring the dictionary up to date. What makes it the best? It is uniquely powered by the Oxford Children's Corpus, the largest bank of children's language in English, so you can be confident that all entries are clearly written in child-friendly language that children actually understand. Each example is perfectly age-appropriate, making it easy and enjoyable for every child to use. New for this edition is a robust supplement on spelling, grammar and punctuation, giving targeted help with the tricky bits, making this dictionary the perfect tool to support children in their journey to become good readers and writers. As usual, it has been extensively trialled with schools, so you can be sure it is still the best dictionary for your children, in a handy pocket-sized format. |
| 650 ## - SUBJECT ADDED ENTRY--TOPICAL TERM |
| Topical term or geographic name entry element |
Dictionary |
| Form subdivision |
English |
| 650 ## - SUBJECT ADDED ENTRY--TOPICAL TERM |
| Topical term or geographic name entry element |
Dictionary |
| Form subdivision |
Pocket size |
| 942 ## - ADDED ENTRY ELEMENTS (KOHA) |
| Source of classification or shelving scheme |
|
| Koha item type |
Teaching Resources |